Konkurencieschopnosť slovenských podnikov na ruskom trhu po vstupe SR do EÚ a dopadom globálnej finančnej krízy diplomová práca

Guardado en:
Detalles Bibliográficos
Autor principal: Lukáčová, Petra
Autor Corporativo: Obchodná fakulta EU. Katedra medzinárodného obchodu
Otros Autores: Kašťáková, Elena, 1974-
Formato: Libro
Lenguaje:eslovaco
Publicado: Bratislava 2009
Etiquetas: Agregar Etiqueta
Sin Etiquetas, Sea el primero en etiquetar este registro!

MARC

LEADER 00000nam$a2200000$$$4500
001 0100839
005 20240318133705.4
041 0 |a slo 
044 |a SK 
245 1 0 |a Konkurencieschopnosť slovenských podnikov na ruskom trhu po vstupe SR do EÚ a dopadom globálnej finančnej krízy  |b diplomová práca  |c Petra Lukáčová ; škol. Elena Kašťáková 
264 1 |a Bratislava  |c 2009 
300 |a 78 s. 
100 1 |a Lukáčová, Petra 
700 1 |a Kašťáková, Elena, 1974- 
710 2 |a Obchodná fakulta EU. Katedra medzinárodného obchodu